=LDR 00000nam 2200000 4500 =001 INLIS000000000027141 =005 20130612125535 =008 ***********************************Ind** =035 ##$$0010-061300000027141 =041 ##$$a Ind =082 ##$$a 794.6 =090 ##$$a 794.6, Str b =100 ##$$a Strickland, Robert H =245 ##$$a Bowling, langkah-langkah keberhasilan, Robert H. Strickland ; penerjemah, Eri Desmarini Nasution =260 ##$$a 2003 $b Jakarta =300 ##$$a xix, 215 hlm, ilus, 26 cm =650 ##$$a Bowling =850 ##$$a NBPNMAT =990 ##$$a 1289812898 =990 ##$$a 01201712898